Nascar 2018 Xfinity Winners - Statistics

General Stats
  • This quiz has been taken 19 times
  • The average score is 32 of 33
Answer Stats
Race # Winner % Correct
Michigan 3 Austin Dillon
100%
Phoenix 22 Brad Keselowski
100%
Charlotte 22 Brad Keselowski
100%
Darlington 22 Brad Keselowski
100%
Charlotte Roval 98 Chase Briscoe
100%
Richmond 20 Christopher Bell
100%
Kentucky 20 Christopher Bell
100%
New Hampshire 20 Christopher Bell
100%
Iowa 20 Christopher Bell
100%
Richmond 20 Christopher Bell
100%
Dover 20 Christopher Bell
100%
Phoenix 20 Christopher Bell
100%
Texas 00 Cole Custer
100%
Auto Club 22 Joey Logano
100%
Watkins Glen 22 Joey Logano
100%
Dover 7 Justin Allgaier
100%
Iowa 7 Justin Allgaier
100%
Mid-Ohio 7 Justin Allgaier
100%
Road America 7 Justin Allgaier
100%
Indianapolis 7 Justin Allgaier
100%
Pocono 18 Kyle Busch
100%
Las Vegas 42 Kyle Larson
100%
Chicagoland 42 Kyle Larson
100%
Daytona 42 Kyle Larson
100%
Bristol 42 Kyle Larson
100%
Daytona 9 Tyler Reddick
100%
Homestead 9 Tyler Reddick
100%
Las Vegas 42 Ross Chastain
92%
Texas 22 Ryan Blaney
92%
Talladega 23 Spencer Gallagher
85%
Kansas 42 John H. Nemechek
77%
Atlanta 98 Kevin Harvick
77%
Bristol 18 Ryan Preece
77%
No matching quizzes found
Score Distribution
Percent of People with Each Score
Percentile by Number Answered
Your Score History
You have not taken this quiz